LEADER 00910cam0 22002773 450 001 SOB008383 005 20200325132357.0 010 $a8843596411 100 $a20040211d2001 |||||ita|0103 ba 101 $aita 102 $aIT 200 1 $aKantor$fMaurizio Buscarino$gTesti di Maurizio Buscarino$gTadeusz Kantor$gRenato Palazzi 210 $aMilano$cBNL$cLeonardo Arte$d2001 215 $a155 p.$cill.$d30 cm. 700 1$aBuscarino$b, Maurizio$3AF00004601$4070$0158619 702 1$aKANTOR, Tadeusz$3AF00018783$4070 702 1$aPALAZZI, Renato$3AF00018784$4070 801 0$aIT$bUNISOB$c20200325$gRICA 850 $aUNISOB 852 $aUNISOB$j790$m108167 912 $aSOB008383 940 $aM 102 Monografia moderna SBN 941 $aM 957 $a790$bI (1)$gSI$d108167$rACQUISTO$1Alfano$2UNISOB$3UNISOB$420200324105122.0$520200324171804.0$6Alfano 996 $aKantor$91678508 997 $aUNISOB LEADER 03610nam 22006375 450 001 9910437977703321 005 20260125102228.0 010 $a3-642-34563-8 024 7 $a10.1007/978-3-642-34563-0 035 $a(CKB)2670000000360440 035 $a(EBL)1106307 035 $a(SSID)ssj0000904492 035 $a(PQKBManifestationID)11511226 035 $a(PQKBTitleCode)TC0000904492 035 $a(PQKBWorkID)10924100 035 $a(PQKB)10758391 035 $a(DE-He213)978-3-642-34563-0 035 $a(MiAaPQ)EBC6311947 035 $a(MiAaPQ)EBC1106307 035 $a(Au-PeEL)EBL1106307 035 $a(CaPaEBR)ebr10969126 035 $a(OCoLC)845249290 035 $a(PPN)170490491 035 $a(EXLCZ)992670000000360440 100 $a20130508d2013 u| 0 101 0 $aeng 135 $aur|n|---||||| 181 $ctxt 182 $cc 183 $acr 200 10$aQuantum Physics /$fby Florian Scheck 205 $a2nd ed. 2013. 210 1$aBerlin, Heidelberg :$cSpringer Berlin Heidelberg :$cImprint: Springer,$d2013. 215 $a1 online resource (765 p.) 300 $aDescription based upon print version of record. 311 08$a3-642-34562-X 320 $aIncludes bibliographical references and index. 327 $aFrom the Uncertainty Relation to Many-Body Systems -- Quantum Mechanics of Point Particles -- Scattering of Particles by Potentials -- The Principles of Quantum Theory -- Space-Time Symmetries in Quantum Physics -- Applications of Quantum Mechanics -- From Symmetries in Quantum Physics to Electroweak Interactions -- Symmetries and Symmetry Groups in Quantum Physics -- Quantized Fields and their Interpretation -- Scattering Matrix and Observables in Scattering and Decays -- Particles with Spin 1/2 and the Dirac Equation -- Elements of Quantum Electrodynamics and Weak Interactions. 330 $aScheck?s Quantum Physics presents a comprehensive introductory treatment, ideally suited for a two-semester course. Part One covers the basic principles and prime applications of quantum mechanics, from the uncertainty relations to many-body systems. Part Two introduces to relativistic quantum field theory and ranges from symmetries in quantum physics to electroweak interactions. Numerous worked-out examples as well as exercises, with solutions or hints, enables the book?s use as an accompanying text for courses, and also for independent study. For both parts, the necessary mathematical framework is treated in adequate form and detail. The book ends with appendices covering mathematical fundamentals and enrichment topics, plus selected biographical notes on pioneers of quantum mechanics and quantum field theory. The new edition was thoroughly revised and now includes new sections on quantization using the path integral method and on deriving generalized path integrals for bosonic and fermionic fields. 606 $aQuantum theory 606 $aMathematical physics 606 $aQuantum Physics$3https://scigraph.springernature.com/ontologies/product-market-codes/P19080 606 $aMathematical Physics$3https://scigraph.springernature.com/ontologies/product-market-codes/M35000 615 0$aQuantum theory. 615 0$aMathematical physics. 615 14$aQuantum Physics. 615 24$aMathematical Physics. 676 $a530.12 700 $aScheck$b Florian$4aut$4http://id.loc.gov/vocabulary/relators/aut$042581 801 0$bMiAaPQ 801 1$bMiAaPQ 801 2$bMiAaPQ 906 $aBOOK 912 $a9910437977703321 996 $aQuantum Physics$91992251 997 $aUNINA